Culture and development : a critical introduction (Record no. 3385)

MARC details
000 -LEADER
fixed length control field 00448nam a2200181Ia 4500
020 ## - INTERNATIONAL STANDARD BOOK NUMBER
ISBN 0-631-20951-4
082 ## - DEWEY DECIMAL CLASSIFICATION NUMBER
Classification number 306 SCH-;
100 ## - MAIN ENTRY--AUTHOR NAME
Personal name Haggis, Jane
245 #0 - TITLE STATEMENT
Title Culture and development : a critical introduction
260 ## - PUBLICATION, DISTRIBUTION, ETC. (IMPRINT)
Place of publication Malden
Name of publisher Blackwell Publishing
Year of publication 2000
300 ## - PHYSICAL DESCRIPTION
Number of Pages 226p.
504 ## - BIBLIOGRAPHY, ETC. NOTE
Bibliography, etc Includes index
650 ## - SUBJECT ADDED ENTRY--TOPICAL TERM
Topical Term Cultural sociology
650 ## - SUBJECT ADDED ENTRY--TOPICAL TERM
Topical Term Culture
650 ## - SUBJECT ADDED ENTRY--TOPICAL TERM
Topical Term Globalization
700 ## - ADDED ENTRY--PERSONAL NAME
Personal name Schech, Susanne
942 ## - ADDED ENTRY ELEMENTS (KOHA)
Koha item type Books
Holdings
Withdrawn status Lost status Damaged status Not for loan Home library Current library Date acquired Bill Date Full call number Accession Number Price effective from Koha item type
        NASSDOC Library NASSDOC Library 09/09/2004 2004-10-05 306 SCH-; 39426 18/04/2019 Books